Minecraft Loot: Fishing - Statistics

General Stats
  • This quiz has been taken 32 times
  • The average score is 14 of 23
Answer Stats
Pool Item Stack Size Weight % Correct
1(1) Pufferfish 1 11%
93%
1(1) Enchanted Fishing Rod 1 0.8%
86%
1(1) Fishing Rod 1 0.2%
86%
1(1) Tropical Fish 1 1.7%
83%
1(1) Enchanted Book 1 0.8%
79%
1(1) Raw Cod 1 51%
76%
1(1) Raw Salmon 1 21%
76%
1(1) Leather 1 1.0%
69%
1(1) Bow 1 0.8%
66%
1(1) Rotten Flesh 1 1.0%
66%
1(1) Saddle 1 0.8%
66%
1(1) Bone 1 1.0%
62%
1(1) String 1 0.5%
62%
1(1) Name Tag 1 0.8%
59%
1(1) Bamboo 1 1.0%
52%
1(1) Leather Boots 1 1.0%
52%
1(1) Lily Pad 1 1.7%
52%
1(1) Ink Sac 10 0.1%
48%
1(1) Nautilus Shell 1 0.8%
45%
1(1) Stick 1 0.5%
45%
1(1) Bowl 1 1.0%
38%
1(1) Water Bottle 1 1.0%
34%
1(1) Tripwire Hook 1 1.0%
21%
No matching quizzes found
Score Distribution
Percent of People with Each Score
Percentile by Number Answered
Your Score History
You have not taken this quiz